Improve your global business english. (Record no. 161733)

MARC details
000 -LEADER
fixed length control field 00562nam a2200205Ia 4500
003 - CONTROL NUMBER IDENTIFIER
control field OSt
005 - DATE AND TIME OF LATEST TRANSACTION
control field 20230427092132.0
008 - FIXED-LENGTH DATA ELEMENTS--GENERAL INFORMATION
fixed length control field 210423s2012 xx 000 0 und d
020 ## - INTERNATIONAL STANDARD BOOK NUMBER
International Standard Book Number 9780749466138
040 ## - CATALOGING SOURCE
Transcribing agency AL
041 ## - LANGUAGE CODE
Language code of text/sound track or separate title eng
082 ## - DEWEY DECIMAL CLASSIFICATION NUMBER
Classification number 651.7 TALI
Edition number 23
100 ## - MAIN ENTRY--PERSONAL NAME
Personal name TALBOT (Fiona);BHATTACHARJEE (Sudakshina).
9 (RLIN) 93669
245 ## - TITLE STATEMENT
Title Improve your global business english.
260 ## - PUBLICATION, DISTRIBUTION, ETC.
Place of publication, distribution, etc. New Delhi
Name of publisher, distributor, etc. Kogan Page Ltd
Date of publication, distribution, etc. 2012
300 ## - PHYSICAL DESCRIPTION
Extent xii,238
Other physical details PB
365 ## - TRADE PRICE
Price amount 295
Currency code INR
906 ## - LOCAL DATA ELEMENT F, LDF (RLIN)
a business ; english. ; global ; Improve ; your
942 ## - ADDED ENTRY ELEMENTS (KOHA)
Source of classification or shelving scheme Dewey Decimal Classification
Koha item type Book
Holdings
Withdrawn status Lost status Damaged status Not for loan Collection code Home library Current library Date acquired Source of acquisition Cost, normal purchase price Total Checkouts Full call number Barcode Date last seen Price effective from Koha item type
        MA English St Aloysius PG Library St Aloysius PG Library 11/15/2013 Intact Bookhouse 295.00   651.7 TALI PG008225 08/24/2022 04/26/2021 Book